Paddington in Peru 2024 / directed by Dougal Wilson ; written by Mark Burton, Jon Foster, James Lamont ; story by Paul King, Simon Farnaby, Mark Burton ; produced by Rosie Alison. (Record no. 20756)

000 -LEADER
fixed length control field 01363nam a2200289 4500
008 - FIXED-LENGTH DATA ELEMENTS--GENERAL INFORMATION
fixed length control field 250527b xxu||||| |||| 00| 0 eng d
040 ## - CATALOGING SOURCE
Original cataloging agency Cagayan State University
Description conventions RDA
082 ## - DEWEY DECIMAL CLASSIFICATION NUMBER
Classification number 791.4372
Item number P1232 2024
245 ## - TITLE STATEMENT
Title Paddington in Peru 2024 / directed by Dougal Wilson ; written by Mark Burton, Jon Foster, James Lamont ; story by Paul King, Simon Farnaby, Mark Burton ; produced by Rosie Alison.
260 ## - PUBLICATION, DISTRIBUTION, ETC. (IMPRINT)
Place of publication, distribution, etc United Kingdom,
-- France,
-- United States :
Name of publisher, distributor, etc StudioCanal,
Date of publication, distribution, etc 2024.
300 ## - PHYSICAL DESCRIPTION
Extent 1 videofile (ca. 106 mins.) :
Other physical details sound, color.
520 ## - SUMMARY, ETC.
Summary, etc When Paddington discovers his beloved aunt has gone missing from the Home for Retired Bears, he and the Brown family head to the jungles of Peru to find her. Determined to solve the mystery, they soon stumble across a legendary treasure as they make their way through the rainforests of the Amazon.
650 ## - SUBJECT ADDED ENTRY--TOPICAL TERM
Topical term or geographic name as entry element Live-action.
650 ## - SUBJECT ADDED ENTRY--TOPICAL TERM
Topical term or geographic name as entry element Animated adventure.
650 ## - SUBJECT ADDED ENTRY--TOPICAL TERM
Topical term or geographic name as entry element Comedy film.
700 ## - ADDED ENTRY--PERSONAL NAME
Personal name Bonneville, Hugh, star.
700 ## - ADDED ENTRY--PERSONAL NAME
Personal name Mortimer, Emily, star.
700 ## - ADDED ENTRY--PERSONAL NAME
Personal name Walters, Julie, star.
700 ## - ADDED ENTRY--PERSONAL NAME
Personal name Broadbent, Jim, star.
700 ## - ADDED ENTRY--PERSONAL NAME
Personal name Tous, Carla, star.
700 ## - ADDED ENTRY--PERSONAL NAME
Personal name Colman, Olivia, star.
700 ## - ADDED ENTRY--PERSONAL NAME
Personal name Banderas, Antonio, star.
700 ## - ADDED ENTRY--PERSONAL NAME
Personal name Whishaw, Ben, star.
700 ## - ADDED ENTRY--PERSONAL NAME
Personal name Wilson, Erik, cinemotographer.
700 ## - ADDED ENTRY--PERSONAL NAME
Personal name Dhonghaíle, Úna Ní, editor.
942 ## - ADDED ENTRY ELEMENTS (KOHA)
Source of classification or shelving scheme
Item type Audio-Visual Materials
Holdings
Source of acquisition Price effective from Permanent location Date last seen Not for loan Date acquired Source of classification or shelving scheme Koha item type Collection code Shelving location Damaged status Lost status Withdrawn status Current location Full call number
Donation2025-05-27Cagayan State University - Carig Library2025-05-27 2025-05-27 Audio-Visual MaterialsElectronic Media CenterElectronic Media Center   Cagayan State University - Carig Library791.4372 P1232 2024

Cagayan State University University Library, Carig Campus
Tuguegarao City, Cagayan 3500 | www.csucarig.edu.ph

Powered by Koha